000 00507nam a2200193Ia 4500
005 20250508163848.0
008 008 250505s9999 xx 000 0 hin d
020 _a81-7487-198-5
037 _aTextual
040 _aFEDL
_beng
_cFEDL
041 _ahin
_2eng
084 _a304.6, HIR
_qFEDL
100 _aHiralal
245 0 _aJansankhya bhugol
260 _aNew Delhi, India
_bRadha Publication
_c2000
300 _avi,372p.
942 _cTEXL
_h304.6, HIR
999 _c1385666
_d1385666